The story of South Africa / (Record no. 125320)
[ view plain ]
| 000 -LEADER | |
|---|---|
| fixed length control field | 00834nam a2200265 a 4500 |
| 001 - CONTROL NUMBER | |
| control field | 1865548 |
| 003 - CONTROL NUMBER IDENTIFIER | |
| control field | ARRUPE |
| 005 - DATE AND TIME OF LATEST TRANSACTION | |
| control field | 20160922102857.0 |
| 008 - FIXED-LENGTH DATA ELEMENTS--GENERAL INFORMATION | |
| fixed length control field | 830329s1981 sa ab j 001 0 eng |
| 010 ## - LIBRARY OF CONGRESS CONTROL NUMBER | |
| LC control number | 82136429 |
| 020 ## - INTERNATIONAL STANDARD BOOK NUMBER | |
| Cancelled/invalid ISBN | 0079811184 |
| 040 ## - CATALOGING SOURCE | |
| Original cataloging agency | DLC |
| Transcribing agency | DLC |
| Modifying agency | DLC |
| 043 ## - GEOGRAPHIC AREA CODE | |
| Geographic area code | f-sa--- |
| 050 00 - LIBRARY OF CONGRESS CALL NUMBER | |
| Classification number | DT766 |
| Item number | .G84 1981 |
| 082 00 - DEWEY DECIMAL CLASSIFICATION NUMBER | |
| Classification number | 968 |
| Edition number | 19 |
| 300 ## - PHYSICAL DESCRIPTION | |
| Other physical details | ill. (some col.), col. maps ; |
| Dimensions | 30 cm. |
| 100 1# - MAIN ENTRY--PERSONAL NAME | |
| Personal name | Grütter, Wilhelm, |
| Dates associated with a name | 1936- |
| 9 (RLIN) | 26087 |
| 245 14 - TITLE STATEMENT | |
| Title | The story of South Africa / |
| Statement of responsibility, etc | Wilhelm Grütter in collaboration with D.J. van Zyl. |
| 260 ## - PUBLICATION, DISTRIBUTION, ETC. (IMPRINT) | |
| Place of publication, distribution, etc | Cape Town : |
| Name of publisher, distributor, etc | Human & Rousseau, |
| Date of publication, distribution, etc | 1981. |
| 300 ## - PHYSICAL DESCRIPTION | |
| Extent | 64 p. : |
| 500 ## - GENERAL NOTE | |
| General note | Includes index. |
| 651 #0 - SUBJECT ADDED ENTRY--GEOGRAPHIC NAME | |
| Geographic name | South Africa |
| General subdivision | History |
| -- | Juvenile literature. |
| 9 (RLIN) | 26088 |
| 700 1# - ADDED ENTRY--PERSONAL NAME | |
| Personal name | Van Zyl, D. J. |
| 9 (RLIN) | 26089 |
| 906 ## - LOCAL DATA ELEMENT F, LDF (RLIN) | |
| a | 7 |
| b | cbc |
| c | orignew |
| d | 3 |
| e | ncip |
| f | 19 |
| g | y-gencatlg |
| 942 ## - ADDED ENTRY ELEMENTS (KOHA) | |
| Source of classification or shelving scheme | Library of Congress Classification |
| Koha item type | Monograph ( Printed materials) |
| Withdrawn status | Lost status | Source of classification or shelving scheme | Damaged status | Not for loan | Collection code | Home library | Current library | Shelving location | Date acquired | Total Checkouts | Full call number | Barcode | Date last seen | Price effective from | Koha item type |
|---|---|---|---|---|---|---|---|---|---|---|---|---|---|---|---|
| Library of Congress Classification | Main Collection | ARRUPE LIBRARY | ARRUPE LIBRARY | Main Collection | 22/09/2016 | L DT766 .G86 1981 | 46500010102 | 22/09/2016 | 22/09/2016 | Monograph ( Printed materials) |